| 000 | 00696nam a2200229 4500 | ||
|---|---|---|---|
| 001 | 108190 | ||
| 003 | ES-MaACL | ||
| 005 | 20230906184610.0 | ||
| 007 | t| | ||
| 008 | 061121s1979 sp r ||||1| spa d | ||
| 020 | _a84-7067-172-3 | ||
| 100 | 1 |
_aMolnar, Thomas. _982065 |
|
| 245 | 1 | 3 |
_aEl socialismo sin rostro _b: hacia un tercer modelo / _cThomas Molnar. |
| 260 |
_aMadrid : _bEPESA [Ediciones y Publicaciones Españolas], _c1979. |
||
| 300 |
_a185 p. ; _c21 cm. |
||
| 490 | 1 | _aTemas de nuestro tiempo | |
| 650 | 0 | 0 |
_aPolítica- _yS.XX. _916284 |
| 650 | 0 | 0 |
_aSocialismo- _yS.XX. _917164 |
| 830 | 1 |
_aTemas de nuestro tiempo _9185554 |
|
| 852 |
_aES-MaACL _jL-11687 |
||
| 999 |
_c108190 _d108190 |
||